Del topos al logos : propuesta de geopoética /
Uloženo v:
| Hlavní autor: | |
|---|---|
| Médium: | Neznámo |
| Jazyk: | Spanish |
| Vydáno: |
Madrid:
Iberoamericana,
2006
|
| Edice: | La crítica practicante
volumen 2 |
| Témata: | |
| Tagy: |
Přidat tag
Žádné tagy, Buďte první, kdo vytvoří štítek k tomuto záznamu!
|
MARC
| LEADER | 000000000a22000000004500 | ||
|---|---|---|---|
| 001 | 000964 | ||
| 008 | 170621s2006 sp ||||| |||| 00| 0 spa d | ||
| 020 | |a 8484892913 | ||
| 041 | 0 | |a español | |
| 082 | |a A860.9 |b A296d | ||
| 100 | 1 | |a Aínsa Amigues, Fernando, 1937- | |
| 245 | 1 | 0 | |a Del topos al logos : |b propuesta de geopoética / |c Fernando Aínsa Amigues |
| 260 | |a Madrid: |b Iberoamericana, |c 2006 | ||
| 300 | |a 303 páginas | ||
| 490 | 1 | |a La crítica practicante |v volumen 2 | |
| 500 | |a Número de inscripción 12923 | ||
| 500 | |a Serie de ensayos alrededor de la fundación del espacio en la narrativa latinoamericana | ||
| 650 | 1 | 4 | |a LITERATURA HISPANOAMERICANA |x HISTORIA Y CRITICA |
| 650 | 4 | |a NARRATIVA LATINOAMERICANA | |
| 650 | 4 | |a ENSAYOS LATINOAMERICANOS | |
| 942 | |2 ddc |c BK | ||
| 999 | |c 2091 |d 2091 | ||



